Principal ways in the study of public health (Запись № 11979041)

Подробности
000 -МАРКЕР
контрольное поле 02022nam0a2200349 4500
001 - ИДЕНТИФИКАТОР ЗАПИСИ
контрольное поле RU\NLR\BIBL_A\011212199
005 - ИДЕНТИФИКАТОР ВЕРСИИ
контрольное поле 20250625215556.0
010 ## - МЕЖДУНАРОДНЫЙ СТАНДАРТНЫЙ НОМЕР КНИГИ (ISBN)
Номер (ISBN) 978-5-4424-0099-1
Тираж 200
021 ## - НОМЕР ГОСУДАРСТВЕННОЙ РЕГИСТРАЦИИ
Код страны российская федерация
Номер 2016-66763
Номер Листа государственной регистраци 4278
035 ## - ДРУГИЕ СИСТЕМНЫЕ НОМЕРА
Идентификатор записи (NLR Aleph) 011212199
100 ## - ДАННЫЕ ОБЩЕЙ ОБРАБОТКИ
Данные общей обработки 20160914d2016 |||y0rusy50 ca
101 0# - ЯЗЫК РЕСУРСА
Язык текста, звукозаписи и т.д. английский
102 ## - СТРАНА ПУБЛИКАЦИИ ИЛИ ПРОИЗВОДСТВА
Страна публикации российская федерация
105 ## - ПОЛЕ КОДИРОВАННЫХ ДАННЫХ: ТЕКСТОВЫЕ МАТЕРИАЛЫ, МОНОГРАФИЧЕСКИЕ
Кодированные данные о монографическом текстовом документе a j 000yy
200 1# - ЗАГЛАВИЕ И СВЕДЕНИЯ ОБ ОТВЕТСТВЕННОСТИ
Основное заглавие Principal ways in the study of public health
Сведения, относящиеся к заглавию (an educational manual for English-speaking students of the Faculty of foreign students)
Первые сведения об ответственности Zh. B. Naberezhnaya, I. B. Naberezhnaya, A. S. Nimgirova, D. N. Urazalieva
Последующие сведения об ответственности under the ed. of Prof. A. G. Serdyukov
-- Astrakhan state med. univ.
210 ## - ПУБЛИКАЦИЯ, РАСПРОСТРАНЕНИЕ И ДР.
Место издания, распространения и т.д. Astrakhan
Имя издателя, распространителя и т. д. Publishing house of the Astrakhan state medical university
Дата издания, распространения и т.д. 2016
215 ## - ФИЗИЧЕСКАЯ ХАРАКТЕРИСТИКА
Специфическое обозначение материала и объем 51, [1] с.
Другие сведения о физической характеристике схем.
Размеры 20
300 ## - ОБЩИЕ ПРИМЕЧАНИЯ
Текст примечания На обл. загл. и авт. парал. на рус. яз.: Основные подходы изучения здоровья населения (учебно-методическое пособие для англоязычных студентов ФИС) / Ж. Б. Набережная, И. Б. Набережная, А. С. Намгирова, Д. Н. Уразалиева
320 ## - ПРИМЕЧАНИЯ О НАЛИЧИИ В ДОКУМЕНТЕ БИБЛИОГРАФИИ / УКАЗАТЕЛЯ
Текст примечания Библиогр.: с. 51 (9 назв.)
512 1# - ЗАГЛАВИЕ ОБЛОЖКИ
Заглавие обложки Основные подходы изучения здоровья населения
Сведения, относящиеся к заглавию (учебно-методическое пособие для англоязычных студентов ФИС)
606 1# - НАИМЕНОВАНИЕ ТЕМЫ КАК ПРЕДМЕТ
Наименование темы Здоровье
Формальный подзаголовок Учебные издания для высших учебных заведений
Системный номер авторитетной/нормативной записи 914972
Идентификатор авторитетной/нормативной записи RU\NLR\AUTH\6615228
686 1# - ИНДЕКСЫ ДРУГИХ КЛАССИФИКАЦИЙ
Индекс Р11(2)0я73
701 #1 - ИМЯ ЛИЦА - АЛЬТЕРНАТИВНАЯ ОТВЕТСТВЕННОСТЬ
Начальный элемент ввода Naberežnaja
Часть имени, кроме начального элемента ввода Ž. B.
Расширение инициалов личного имени Žanna Borisovna
701 #1 - ИМЯ ЛИЦА - АЛЬТЕРНАТИВНАЯ ОТВЕТСТВЕННОСТЬ
Начальный элемент ввода Naberežnaja
Часть имени, кроме начального элемента ввода I. B.
Расширение инициалов личного имени Inna Borisovna
701 #1 - ИМЯ ЛИЦА - АЛЬТЕРНАТИВНАЯ ОТВЕТСТВЕННОСТЬ
Начальный элемент ввода Nimgirova
Часть имени, кроме начального элемента ввода A. S.
Расширение инициалов личного имени Alena Sergeevna
701 #1 - ИМЯ ЛИЦА - АЛЬТЕРНАТИВНАЯ ОТВЕТСТВЕННОСТЬ
Начальный элемент ввода Urazalieva
Часть имени, кроме начального элемента ввода D. N.
Расширение инициалов личного имени Dina Nurtazaevna
702 #1 - ИМЯ ЛИЦА - ВТОРИЧНАЯ ОТВЕТСТВЕННОСТЬ
Начальный элемент ввода Serdjukov
Часть имени, кроме начального элемента ввода A. G.
Расширение инициалов личного имени Anatolij Gavrilovič
Код отношения Редактор
942 ## - ДОПОЛНИТЕЛЬНЫЕ ЭЛЕМЕНТЫ ЗАПИСИ (АБИС)
Тип экземпляра АБИС Книга
980 ## - КОЛЛЕКЦИЯ
Название коллекции Национальная библиография
Экземпляры
Тип экземпляра Дата поступления Источник поступления Библиотека постоянного хранения Библиотека текущего хранения Место хранения Шифр хранения Штрих-код Статус не для выдачи
Книга 14.09.2016 Обязательный экземпляр РНБ (Московский) РНБ (Московский) Иностранный книжный фонд Ик 2016-4/109 1-1573470  
Книга 14.09.2016 Обязательный экземпляр РНБ (Московский) РНБ (Московский) Обменный фонд, иностранный   1-1573469